00983nam a22002415i 4500001000700000003000900007005001700016008004100033040002000074100001300094245015600107250005800263260006400321300004800385500004500433700002800478700004100506700004200547700004400589700003400633740002600667852004800693162296ES-MaACL20251013215430.0041110s1802 fr ac |||| | fre d aCAM bspa cCAM0 aPlutarco10aOeuvres morales de Plutarque / ctraduites du grec par Amyot... ; avec des notes et des observations par MM. Brotier et Vauvilliers ; tome troisième. aNouvelle éd. brev., corr. et augm. par E. Clavier. aA Paris : bde l'imprimerie de Cussac..., cAn \RX\R [1802] a[4], 434 p., [1] h. en bl. : bil. ; c8º. aEs el T. XV de las Oeuvres de Plutarque.11aAmyot, Jacques, etrad.11aBrotier, Gabriel, d1723-1789eanot.11aVauvilliers, Jean François, eanot.11aClavier, Etienne, d1762-1817eed. lit.11aCussac, Jean Baptiste, eimp.01aOeuvres de Plutarque. aES-MaACLjG-9443 z-- Enc. pasta española